00534cam a22001694a 4500020001800000041001200018082001300030245004200043260005100085300002700136650001000163700002000173700001800193942000700211952012900218999001700347 a9780761943259 aENGLISH a297bAHM04aThe SAGE handbook of Islamic studies  aThousand Oaks, CA :bSAGE Publications,c2010. axxii, 369 p. :bill. ; 0aIslam1 aAhmed, Akbar S.1 aSonn, Tamara, cBK 001040708REFaHMIbHMIcREFd2019-02-06eKOHINOORg11592.00l1m2o297 AHMp25541r2019-12-12s2019-07-25w2026-01-16yBK c22606d22606